Statystyki dla Wszyscy kierowcy, którzy zdobywali punkty w F1

Kliknij tutaj aby rozwiązać quiz!

Ogólne statystyki

  • Ten quiz został rozwiązany 16 razy
  • Średni wynik to 72 z 352

Statystyki odpowiedzi

NarodowośćPunktyOdpowiedź% Poprawnych
Brazylia610Ayrton Senna
100%
Brazylia33Bruno Senna
100%
Holandia17Jos Verstappen
100%
Holandia2637,5Max Verstappen
100%
Hiszpania2279Fernando Alonso
93%
Wielka Brytania4647,5Lewis Hamilton
93%
Niemcy1566Michael Schumacher
93%
Niemcy12Mick Schumacher
93%
Niemcy329Ralf Schumacher
93%
Polska274Robert Kubica
93%
Monako1102Charles Leclerc
86%
Finlandia1873Kimi Raikkonen
86%
Meksyk1522Sergio Perez
86%
Francja768,5Alain Prost
79%
Tajlandia228Alexander Albon
79%
Hiszpania997,5Carlos Sainz
79%
Australia1317Daniel Ricciardo
79%
Francja422Esteban Ocon
79%
Wielka Brytania645Lando Norris
79%
Australia1047,5Mark Webber
79%
Finlandia420Mika Hakkinen
79%
Austria420,5Niki Lauda
79%
Brazylia12Christian Fittipaldi
71%
Brazylia281Emerson Fittipaldi
71%
Wielka Brytania487George Russell
71%
Dania1Jan Magnussen
71%
Finlandia159,5Keke Rosberg
71%
Dania186Kevin Magnussen
71%
Niemcy1594,5Nico Rosberg
71%
Francja394Pierre Gasly
71%
Niemcy3098Sebastian Vettel
71%
Finlandia1797Valtteri Bottas
71%
Brazylia3Wilson Fittipaldi
71%
Wielka Brytania360Damon Hill
64%
Wielka Brytania270Graham Hill
64%
Wielka Brytania1235Jenson Button
64%
Japonia125Kamui Kobayashi
64%
Kanada269Lance Stroll
64%
Niemcy531Nico Hulkenberg
64%
Australia129Oscar Piastri
64%
USA94Phil Hill
64%
Japonia61Yuki Tsunoda
64%
Rosja202Danil Kvyat
57%
Brazylia1167Felipe Massa
57%
Kanada101Gilles Villeneuve
57%
Chiny12Guanyu Zhou
57%
Finlandia105Heikki Kovalainen
57%
Kanada235Jacques Villeneuve
57%
Argentyna245Juan Manuel Fangio
57%
Brazylia19Nelsinho Piquet
57%
Brazylia481,5Nelson Piquet
57%
Wielka Brytania480Nigel Mansell
57%
Wenezuela76Pastor Maldonado
57%
Francja391Romain Grosjean
57%
Brazylia658Rubens Barrichello
57%
Włochy21Antonio Giovinazzi
50%
Wielka Brytania535David Coulthard
50%
Niemcy71Jochen Mass
50%
USA180Mario Andretti
50%
USA7Michael Andretti
50%
Włochy107,64Alberto Ascari
43%
Nowa Zelandia188,5Bruce McLaren
43%
Nowa Zelandia248Denny Hulme
43%
Włochy275Giancarlo Fisichella
43%
Włochy115,33Giuseppe Farina
43%
Wielka Brytania359Jackie Stewart
43%
Włochy246,5Jarno Trulli
43%
Austria107Jochen Rindt
43%
RPA246Jody Scheckter
43%
Kolumbia307Juan Pablo Montoya
43%
Francja2Jules Bianchi
43%
USA1Logan Sargeant
43%
Belgia6Lucien Bianchi
43%
Wielka Brytania191Eddie Irvine
36%
Austria385Gerhard Berger
36%
Australia253Jack Brabham
36%
Kanada9Nicholas Latifi
36%
Belgia26Stoffel Vandoorne
36%
Niemcy124Adrian Sutil
29%
Australia199Alan Jones
29%
Argentyna298Carlos Reutemann
29%
Brazylia29Felipe Nasr
29%
Niemcy174Heinz-Harald Frentzen
29%
Belgia181Jacky Ickx
29%
Francja241Jean Alesi
29%
Wielka Brytania255Jim Clark
29%
Wielka Brytania180John Surtees
29%
Nowa Zelandia2Liam Lawson
29%
Wielka Brytania112,64Mike Hawthorn
29%
Indie5Narain Karthikeyan
29%
Niemcy259Nick Heidfeld
29%
Holandia2Nyck de Vries
29%
Wielka Brytania121Paul di Resta
29%
Hiszpania35Pedro de la Rosa
29%
Francja6Sebastien Bourdais
29%
Szwajcaria29Sebastien Buemi
29%
Wielka Brytania185,64Stirling Moss
29%
Japonia44Takuma Sato
29%
Belgia132Thierry Boutsen
29%
Rosja64Vitaliy Petrov
29%
Nowa Zelandia4Brendon Hartley
21%
Meksyk6Esteban Gutierrez
21%
Francja228Jacques Laffite
21%
Hiszpania31Jaime Alguersuari
21%
Wielka Brytania179James Hunt
21%
Finlandia10JJ Lehto
21%
Japonia9Kazuki Nakajima
21%
Monako4Louis Chiron
21%
Włochy28Luigi Fagioli
21%
Szwecja18Marcus Ericsson
21%
Finlandia33Mika Salo
21%
Wielka Brytania6Oliver Bearman
21%
Francja76Olivier Panis
21%
Brazylia3Ricardo Zonta
21%
Włochy281Riccardo Patrese
21%
Szwecja206Ronnie Peterson
21%
Japonia16Satoru Nakajima
21%
Rosja1Sergey Sirotkin
21%
Niemcy51Timo Glock
21%
Włochy26Vitantonio Liuzzi
21%
Węgry1Zsolt Baumgartner
21%
Włochy65Alessandro Nannini
14%
Austria45Alexander Wurz
14%
Hiszpania4Alfonso de Portago
14%
Włochy59Andrea de Cesaris
14%
Austria14Christian Klien
14%
Holandia4Christijan Albers
14%
Szwajcaria209Clay Regazzoni
14%
Irlandia15Derek Daly
14%
Wielka Brytania71Derek Warwick
14%
Francja101Didier Pironi
14%
USA70Eddie Cheever
14%
Włochy122Elio de Angelis
14%
Chile3Eliseo Salazar
14%
Włochy3Emanuele Pirro
14%
Francja21Jean-Pierre Jabouille
14%
Rodezja6John Love
14%
Wielka Brytania98Johnny Herbert
14%
Wielka Brytania169John Watson
14%
Argentyna72,14Jose Froilan Gonzalez
14%
Hiszpania1Luis Perez-Sala
14%
Hiszpania5Marc Gene
14%
Wielka Brytania98Martin Brundle
14%
Włochy186,5Michele Alboreto
14%
Argentyna2Oscar Alfredo Galvez
14%
Niemcy6Pascal Wehrlein
14%
Francja139Patrick Depailler
14%
Belgia11Paul Frere
14%
Meksyk71Pedro Rodriguez
14%
Włochy18Pierluigi Martini
14%
Tajlandia8Prince Bira
14%
Irlandia1Ralph Firman
14%
Francja181Rene Arnoux
14%
Meksyk4Ricardo Rodriguez
14%
Szwecja88Stefan Johansson
14%
Portugalia7Tiago Monteiro
14%
Niemcy56Wolfgang von Trips
14%
Japonia8Aguri Suzuki
7%
Włochy1Alessandro Zanardi
7%
Belgia/Francja5Bertrand Gachot
7%
USA19Bill Vukovich
7%
USA8Bob Sweikert
7%
Włochy14Bruno Giacomelli
7%
Argentyna9Carlos Menditeguy
7%
Brazylia58Carlos Pace
7%
Włochy5Cesare Perdisa
7%
Brazylia1Chico Serra
7%
Nowa Zelandia83Chris Amon
7%
Brazylia13Cristiano da Matta
7%
USA2Dick Rathmann
7%
Szwajcaria9Emmanuel de Graffenried
7%
Francja10Eric Bernard
7%
Włochy19,5Eugenio Castellotti
7%
Francja89Francois Cevert
7%
Włochy14Giancarlo Baghetti
7%
Włochy8,5Gianni Morbidelli
7%
Francja1Guy Ligier
7%
Niemcy10Hans Herrmann
7%
USA32Harry Schell
7%
Wielka Brytania3Henry Taylor
7%
Nowa Zelandia10Howden Ganley
7%
Włochy31Ivan Capelli
7%
Wielka Brytania3Jackie Lewis
7%
Wielka Brytania13Jackie Oliver
7%
Francja51,14Jean Behra
7%
Francja51Jean-Eric Vergne
7%
Francja77Jean-Pierre Beltoise
7%
Francja31,5Jean-Pierre Jarier
7%
USA29Jim Rathmann
7%
USA12Johnnie Parsons
7%
Wenezuela1Johnny Cecotto
7%
Wielka Brytania1John Taylor
7%
Wielka Brytania9Jolyon Palmer
7%
Wielka Brytania14Jonathan Palmer
7%
Wielka Brytania1Justin Wilson
7%
Niemcy17Karl Kling
7%
Austria14Karl Wendlinger
7%
Włochy0,5Lella Lombardi
7%
Włochy58Lorenzo Bandini
7%
Francja18Louis Rosier
7%
Włochy17Ludovico Scarfiotti
7%
Włochy44Luigi Musso
7%
Włochy46Luigi Villoresi
7%
Niemcy2Manfred Winkelhock
7%
Szwajcaria17Marc Surer
7%
Wielka Brytania32Mark Blundell
7%
Brazylia10Mauricio Gugelmin
7%
Wielka Brytania29Mike Hailwood
7%
Belgia18Olivier Gendebien
7%
Argentyna8,14Onofre Marimon
7%
USA8Pat Flaherty
7%
USA6Paul Goldsmith
7%
USA8,5Paul Russo
7%
Brazylia10Pedro Diniz
7%
Portugalia1Pedro Lamy
7%
Wielka Brytania47Peter Collins
7%
Wielka Brytania11Peter Gethin
7%
USA61Peter Revson
7%
Wielka Brytania4Peter Whitehead
7%
Wielka Brytania9Reg Parnell
7%
Szwecja13Reine Wisell
7%
USA102Richie Ginther
7%
Francja16Robert Manzon
7%
Argentyna13Roberto Mieres
7%
Brazylia15Roberto Moreno
7%
USA14Rodger Ward
7%
USA20Sam Hanks
7%
Szwecja1Slim Borgudd
7%
Włochy17Stefano Modena
7%
Wielka Brytania16Stuart Lewis-Evans
7%
Włochy23Teo Fabi
7%
Wielka Brytania75Tony Brooks
7%
RPA26Tony Maggs
7%
Wielka Brytania8Trevor Taylor
7%
USA9,5Troy Ruttman
7%
Japonia5Ukyo Katayama
7%
Włochy3,3Umberto Maglioli
7%
Włochy15,5Vittorio Brambilla
7%
Belgia7Willy Mairesse
7%
Wielka Brytania2Alan Brown
0%
Włochy6Alex Caffi
0%
Włochy6Andrea de Adamich
0%
Belgia2Andre Pilette
0%
USA5Andy Linden
0%
Brazylia8Antonio Pizzonia
0%
USA8Art Cross
0%
Włochy11Arturo Merzario
0%
USA6Bill Holland
0%
USA1Bill Homeier
0%
Wielka Brytania8Bob Anderson
0%
USA3Bob Bondurant
0%
USA2Bobby Ball
0%
Wielka Brytania8Brian Redman
0%
Holandia4Carel Godin de Beaufort
0%
USA3Cecil Green
0%
Brazylia1,5Chico Landi
0%
Wielka Brytania2Chris Irwin
0%
Niemcy4Christian Danner
0%
Wielka Brytania11Cliff Allison
0%
Włochy3Consalvo Sanesi
0%
USA133Dan Gurney
0%
USA2Danny Sullivan
0%
Wielka Brytania3Dennis Poore
0%
Wielka Brytania1Derek Bell
0%
USA3Don Branson
0%
USA4Don Freeland
0%
Włochy3Dorino Serafini
0%
USA6,5Duane Carter
0%
USA1Eddie Johnson
0%
Francja2Elie Bayol
0%
Wielka Brytania2Eric Thompson
0%
Francja7Erik Comas
0%
Francja1Eugene Chaboud
0%
Włochy2Fabrizio Barbazza
0%
Włochy17,5Felice Bonetto
0%
Hiszpania6Francisco Godia
0%
USA1,5Fred Agabashian
0%
Włochy1Gabriele Tarquini
0%
USA6George Amick
0%
USA5George Follmer
0%
Niemcy3Gerhard Mitter
0%
Włochy1,5Gerino Gerini
0%
Holandia2Gijs van Lennep
0%
Włochy1Giorgio Scarlatti
0%
Włochy3Giulio Cabianca
0%
Szwecja31Gunnar Nilson
0%
Niemcy29Hans Joachim Stuck
0%
Meksyk13Hector Rebaque
0%
Francja12Henri Pescarolo
0%
Niemcy2Hermann Lang
0%
Brazylia2Hernando da Silva Ramos
0%
Wielka Brytania2Horace Gould
0%
Włochy3Ignazio Giunti
0%
Wielka Brytania47Innes Ireland
0%
Wielka Brytania5Jack Fairman
0%
USA9Jack McGrath
0%
Francja3Jean-Christophe Boullion
0%
USA3Jim Hall
0%
USA18Jimmy Bryan
0%
USA4Jimmy Davies
0%
Szwecja39Joakim Bonnier
0%
Wielka Brytania2John Miles
0%
USA4Johnny Boyd
0%
Wielka Brytania3Johnny Dumfries
0%
Francja9Johnny Servoz-Gavin
0%
USA10Johnny Thomson
0%
USA1Joie Chitwood
0%
Szwajcaria68Jo Siffert
0%
Wielka Brytania1Julian Bailey
0%
Wielka Brytania3Ken Wharton
0%
USA9Lee Wallard
0%
USA2Manny Ayulo
0%
USA8Mark Donohue
0%
USA21Masten Gregory
0%
Francja72,33Maurice Trintignant
0%
USA4Mauri Rose
0%
Włochy5Mauro Baldi
0%
USA8Mike Nazaruk
0%
Wielka Brytania14Mike Parkes
0%
Wielka Brytania27Mike Spence
0%
RPA1Neville Lederle
0%
Włochy7Nicola Larini
0%
Francja1Olivier Grouillard
0%
Austria3Patrick Friesacher
0%
Francja103Patrick Tambay
0%
Wielka Brytania12Peter Arundell
0%
Francja7Philippe Alliot
0%
Francja3Philippe Etancelin
0%
Francja11Philippe Streiff
0%
Włochy2Piercarlo Ghinzani
0%
Włochy41Piero Taruffi
0%
Wielka Brytania20Piers Courage
0%
Francja3Raymond Sommer
0%
Włochy1Renzo Zorzi
0%
Wielka Brytania11Richard Attwood
0%
Niemcy14Rolf Stommelen
0%
Wielka Brytania5Ron Flockhart
0%
USA2Ronnie Bucknum
0%
Wielka Brytania19Roy Salvadori
0%
Szwajcaria10Rudi Fischer
0%
Włochy4Sergio Mantovani
0%
Japonia2Shinji Nakano
0%
Szwajcaria3Silvio Moser
0%
Niemcy4Stefan Bellof
0%
Australia7Tim Schenken
0%
Wielka Brytania19Tom Pryce
0%
USA11Tony Bettenhausen
0%
Wielka Brytania1Tony Brise
0%
Wielka Brytania8Vic Elford
0%
USA1Walt Faulkner
0%
USA2Walt Hansgen
0%
Francja5Yves Giraud-Cabantous
0%

Rozkład punktacji

Percentyl według liczby udzielonych odpowiedzi

Procent ludzi z każdym wynikiem

Twoja historia wyników

Nie rozwiązałeś tego quizu